| 000 | 00431nam a22001817a 4500 | ||
|---|---|---|---|
| 003 | MPLRDC | ||
| 005 | 20220104125358.0 | ||
| 008 | 210129b ||||| |||| 00| 0 eng d | ||
| 020 | _a7-5313-0663-8 | ||
| 082 | _a857.9 CF v.2 | ||
| 100 | _a痴夫 | ||
| 245 |
_a冷剑奇情. 下 _c |
||
| 250 | _a一版一刷 | ||
| 260 |
_a _b春风文艺出版社 _c1992 |
||
| 300 | _b平 | ||
| 650 | _a武侠小说 | ||
| 942 |
_cBK _o857.9 CF v.2 |
||
| 999 |
_c26886 _d26876 |
||